000 00730nam a2200253Ia 4500
003 OSt
005 20220928130113.0
006 a|||||r|||| 00| 0
007 ta
008 220927b |||||||| |||| 00| 0 eng d
020 _cUKP 135.00
024 _a143695
037 _b140, 12/03/2020, N.R.Book Distributors
_cTextual
040 _aSDCL
_cSDCL
_beng
041 _2eng
_aeng
082 _aG:68, Q8
100 _aCannon Tomas
_9472764
245 0 _aGenetics and genetic engineering
260 _aUnited
_bKingdom ED-Tech Press
_c2020
300 _axx,362p.
_ccm.
650 _aGenetics
942 _hG:68, Q8
_cTEXL
_2CC
999 _c785311
_d785311